| 000 | 01054nas a2200373 4500 | ||
|---|---|---|---|
| 001 | BR2020000667 | ||
| 003 | BR-BrBNA | ||
| 005 | 20231205132051.0 | ||
| 007 | ta | ||
| 008 | 230509b bl.|||p| |||| 00| 00por d | ||
| 040 |
_aBR-BrBNA _bpor _cBiblioteca Nacional de Agricultura |
||
| 041 | _a(Pt) | ||
| 072 | _aH10 | ||
| 100 | 1 | _aGuirado, N. | |
| 100 | 1 | _aAmbrosano, E.J. | |
| 100 | 1 | _aArévalo, R.A. | |
| 100 | 1 | _aRossi, F. | |
| 100 | 1 | _aMendes, P.C.D. | |
| 100 | 1 | _aAmbrosano, G.M.B. | |
| 245 | 1 | _aControle da cochonilha escama-farinha em citros com o uso de óleos em pulverização | |
| 650 | _aCITRICULTURA | ||
| 650 | _aENTOMOLOGIA | ||
| 650 | _aCITRUS SINENSIS | ||
| 650 | _aPRAGA DE PLANTA | ||
| 650 | _aCOCHONILHA | ||
| 650 | _aCONTROLE QUÍMICO | ||
| 650 | _aÓLEO MINERAL | ||
| 650 | _aNIM | ||
| 650 | _aAZADIRACHTA INDICA | ||
| 650 | _aPULVERIZAÇÃO | ||
| 773 | 0 |
_tLaranja (Brazil) _xISSN 0102-1907 _g(2003), v.24(2) p. 329-335 _wBR2020000667 |
|
| 909 |
_a202311 _bLúcia _c55 _dLúcia Elande |
||
| 942 |
_2AGRIS _n0 _cANA |
||
| 999 |
_c258284 _d258284 |
||